Central Library OPAC University of Rajshahi

Set theory / (Record no. 6599)

MARC details
000 -LEADER
fixed length control field 00878cam a22003011 4500
001 - CONTROL NUMBER
control field 6599
003 - CONTROL NUMBER IDENTIFIER
rucl marc code BD-RjUL
005 - DATE AND TIME OF LATEST TRANSACTION
control field 20211208234257.0
008 - FIXED-LENGTH DATA ELEMENTS--GENERAL INFORMATION
fixed length control field 140111s1978 nyua b 000 0 eng d
020 ## - INTERNATIONAL STANDARD BOOK NUMBER
International Standard Book Number 0828401195
035 ## - SYSTEM CONTROL NUMBER
System control number (BD-RjUL)6640
System control number (OCoLC)1555657
040 ## - CATALOGING SOURCE
Original cataloging agency DLC
Transcribing agency NmU
Modifying agency OCoLC
-- ODaWU
-- DLC
-- BD-RjUL
Language of cataloging eng
041 1# - LANGUAGE CODE
Language code of text/sound track or separate title eng
Language code of original ger
082 00 - DEWEY DECIMAL CLASSIFICATION NUMBER
Classification number 512.817
Author mark and year HAS
100 1# - MAIN ENTRY--PERSONAL NAME
Personal name Hausdorff, Felix,
Dates associated with a name 1868-1942.
9 (RLIN) 20763
245 10 - TITLE STATEMENT
Title Set theory /
Statement of responsibility, etc. Translated from the German by John R. Aumann, et al.
250 ## - EDITION STATEMENT
Edition statement 3d ed.
260 ## - PUBLICATION, DISTRIBUTION, ETC. (IMPRINT)
Place of publication, distribution, etc. New York,
Name of publisher, distributor, etc. Chelsea Pub. Co.
Date of publication, distribution, etc. [1978
300 ## - PHYSICAL DESCRIPTION
Pagination 352 p.
Illustrations illus.
Size 24 cm.
500 ## - GENERAL NOTE
General note Translation of the third (1937) ed. of Mengenlehre.
504 ## - BIBLIOGRAPHY, ETC. NOTE
Bibliography, etc Includes bibliography.
650 #0 - SUBJECT ADDED ENTRY--TOPICAL TERM
Topical term or geographic name as entry element Set theory.
9 (RLIN) 6065
942 ## - ADDED ENTRY ELEMENTS (KOHA)
Source of classification or shelving scheme Dewey Decimal Classification
Koha item type Books
Holdings
Lost status Source of classification or shelving scheme Damaged status Not for loan Collection code Permanent Location Current Location Shelving location Date acquired Source of acquisition Cost, normal purchase price Total Checkouts Full call number Date last seen Copy number Koha item type
  Dewey Decimal Classification     Non-fiction Central Library, University of Rajshahi Central Library, University of Rajshahi   26/01/1986 Tappan co Sing 14.95   512.817 HAS 1978 11/01/2014 C-2 Books
  Dewey Decimal Classification   Not For Loan Non-fiction Central Library, University of Rajshahi Central Library, University of Rajshahi   07/12/1962 Zeitlinger 42.00   512.817 HAS 1957 11/01/2014 C-1 Books